| 000 | 00610nam a2200229Ia 4500 | ||
|---|---|---|---|
| 003 | OSt | ||
| 005 | 20221005120616.0 | ||
| 006 | a|||||r|||| 00| 0 | ||
| 007 | ta | ||
| 008 | 221004b |||||||| |||| 00| 0 eng d | ||
| 024 | _a41013 | ||
| 037 | _cTextual | ||
| 040 |
_aCRL _cCRL _beng |
||
| 041 |
_2eng _aeng |
||
| 082 | _aO:1M09x, D9 | ||
| 100 |
_aTennyson Alfred _952883 |
||
| 245 | 0 | _aEnglish idyls and other poems 1842-1855 ed by Beatrice C Mulliner | |
| 260 | _c1909 | ||
| 650 | _aENGLISH LITERATURE | ||
| 942 |
_hO:1M09x, D9 _cTEXL _2cc |
||
| 999 |
_c1038556 _d1038556 |
||